| 000 | 00621nam a2200217Ia 4500 | ||
|---|---|---|---|
| 003 | IIN | ||
| 005 | 20250430130426.0 | ||
| 008 | 250430s2023 xx ad 001 0 eng d | ||
| 020 |
_cRs.650.00 _a9789354659287 |
||
| 040 |
_aIIN _bEnglish |
||
| 082 |
_a610.730693 _bCOR |
||
| 100 | 1 | _aCorreia, Sister Cecy | |
| 245 | 1 |
_aPrinciples & Practice of Nursing: _bSenior Nursing Procedures (Vol.2)/ _cSister Cecy Correia |
|
| 250 | _a2nd ed. | ||
| 260 |
_aNew Delhi : _bJaypee, _c2023 |
||
| 300 | _axi, 638 p./ v.2 | ||
| 500 | _aIncludes Index | ||
| 650 | 1 |
_aFoundation _vNursing |
|
| 650 | 1 | _aNursing, Practice | |
| 942 | _cBOOK | ||
| 999 |
_c1782 _d1782 |
||